LEADER 01992nam0 2200385 450 001 000041497 005 20150909101821.0 010 $a88-387-3120-9 100 $a20150908d2004----km-y0itaa50------ba 101 0 $aita 102 $aIT 200 1 $aProgettare i percorsi verdi$emanuale per la realizzazione di greenways$epercorsi pedonali, piste ciclabili, vie d'acqua, ferrovie dismesse, vie equestri, greenways urbane$fAlessandro Toccolini, Natalia Fumagalli, Giulio Senes$gcon la collaborazione di Paolo Stefano Ferrario 210 $aSantarcangelo di Romagna (RN)$cMaggioli$d2004 215 $a330 p.$cill.$d24 cm 225 2 $aAmbiente & territorio$v75 410 0$12001$aAmbiente & territorio$v75 606 1 $aZone verdi$xSistemazione 676 $a712.5$v(21. ed.)$9Paesistica (Architettura del paesaggio). Parchi e terreni pubblici 676 $a628$v(22. ed.)$9Ingegneria sanitaria e urbanistica tecnica. Tecnologia della tutela ambientale 700 1$aToccolini,$bAlessandro$0448162 701 1$aFumagalli,$bNatalia$0421676 701 1$aSenes,$bGiulio$0359767 702 1$aFerrario,$bPaolo Stefano$f<1963- > 801 0$aIT$bUniversità della Basilicata - B.I.A.$gREICAT$2unimarc 912 $a000041497 996 $aProgettare i percorsi verdi$91065557 997 $aUNIBAS CAT $aSTD102$b00$c20150908$lBAS01$h1110 CAT $aTTM$b30$c20150909$lBAS01$h1012 CAT $aTTM$b30$c20150909$lBAS01$h1018 FMT Z30 -1$lBAS01$LBAS01$mBOOK$1BASA2$APolo Tecnico-Scientifico$2DID$BDidattica$3PTS.d1.114689$6114689$5T114689$820160725$f98$FConsultazione Z30 -1$lBAS01$LBAS01$mBOOK$1BASA2$APolo Tecnico-Scientifico$2DID$BDidattica$3PTS.d1.114690$6114690$5T114690$820160725$f04$FPrestabile Didattica Z30 -1$lBAS01$LBAS01$mBOOK$1BASA4$APolo di Matera$2DID$BDidattica$6113866$5T113866$820150908$f98$FConsultazione Z30 -1$lBAS01$LBAS01$mBOOK$1BASA4$APolo di Matera$2DID$BDidattica$6114688$5T114688$820160725$f04$FPrestabile Didattica LEADER 03996nam 22006855 450 001 9910299843203321 005 20251117075757.0 010 $a3-319-08602-2 024 7 $a10.1007/978-3-319-08602-6 035 $a(CKB)3710000000251906 035 $a(EBL)1965202 035 $a(OCoLC)892913974 035 $a(SSID)ssj0001372450 035 $a(PQKBManifestationID)11802175 035 $a(PQKBTitleCode)TC0001372450 035 $a(PQKBWorkID)11304219 035 $a(PQKB)11140719 035 $a(DE-He213)978-3-319-08602-6 035 $a(MiAaPQ)EBC1965202 035 $a(PPN)182093220 035 $a(EXLCZ)993710000000251906 100 $a20141004d2015 u| 0 101 0 $aeng 135 $aur|n|---||||| 181 $ctxt 182 $cc 183 $acr 200 10$aAdvanced Design Cultures $eLong-Term Perspective and Continuous Innovation /$fedited by Manuela Celi 205 $a1st ed. 2015. 210 1$aCham :$cSpringer International Publishing :$cImprint: Springer,$d2015. 215 $a1 online resource (168 p.) 300 $aDescription based upon print version of record. 311 08$a3-319-08601-4 320 $aIncludes bibliographical references. 327 $aAdvance Design Points of View -- Preliminary Studies on Advance Design -- Maps and Tools for Advance Design -- Understanding the Past while Planning the Future: Times and Ambitions Underlying Advance Design -- The Role of Humanistic Disciplines in a Pedagogy of Advance Design -- Reading Advance Design Practices -- Advanced Transportation Design -- Advance Design for Product -- Advance Design in Lighting -- Advanced Design in the Reconfiguration of Relationships between Companies -- Advance Design: a Renewed Relationship between Design and Science for the Future. 330 $aThis book describes new thinking and practice in Advanced Design (ADD) ? design that is not merely highly developed but anticipates the future by envisioning novel products and processes. The focus is especially on the front end of innovation and the search for solutions in complex pioneering processes using design-related tools and practices. The book opens by describing these tools, the approaches that characterize ADD, and its historical dimension. Specific fields in which ADD has flourished are then examined, exploring the dynamics between research and design. The coverage ranges from transportation, lighting, and electrical appliances through to business networks, technology parks, and the development of ground-breaking materials. AdvanceDesign is the name of the research group at the Politecnico di Milano (Italy?s largest technical university) of which the authors are members. It was chosen to reflect both the ?advanced?, tangible dimension of design in terms of modern product development, materials, and technologies and an orientation toward radical innovation through user involvement and imagination. 410 0$aSpringer engineering ebooks. 606 $aEngineering design 606 $aManagement 606 $aIndustrial management 606 $aIndustrial design 606 $aEngineering Design$3https://scigraph.springernature.com/ontologies/product-market-codes/T17020 606 $aInnovation/Technology Management$3https://scigraph.springernature.com/ontologies/product-market-codes/518000 606 $aIndustrial Design$3https://scigraph.springernature.com/ontologies/product-market-codes/K19020 615 0$aEngineering design. 615 0$aManagement. 615 0$aIndustrial management. 615 0$aIndustrial design. 615 14$aEngineering Design. 615 24$aInnovation/Technology Management. 615 24$aIndustrial Design. 676 $a620 676 $a620.0042 676 $a658514 676 $a745.2 702 $aCeli$b Manuela$4edt$4http://id.loc.gov/vocabulary/relators/edt 906 $aBOOK 912 $a9910299843203321 996 $aAdvanced Design Cultures$92534927 997 $aUNINA